Die estnische Historiographie

Titel: Die estnische Historiographie
Verfasser:
In: Zwischen Konfrontation und Kompromiss, (1995), Seite 139-154
alle Artikel anzeigen
Veröffentlicht: 1995
Format: Aufsatz
Sprache: Deutsch
Kein Bild verfügbar
X
alg: 39285015
001A    $01999:11-11-16 
001B    $01999:12-03-21 $t19:07:16.000 
001D    $01999:11-11-16 
001U    $0utf8 
001X    $00 
002@    $0Aox 
003@    $039285015X 
007A    $039285015X $aHEB 
007T    $0Herde05407 
010@    $ager 
011@    $a1995 
021A    $aDie @estnische Historiographie 
028A    $aHelme $dRein 
031A    $h139-154 $j1995 
039B    $aIn $8--Aau--. Zwischen Konfrontation und Kompromiss. - München : Oldenbourg, 1995. - 263 S.. - ISBN 3-486-56047-6 $x199500000000000861 $9050523201 
045F    $a907.2094798 $eDDC23BSB 
045F/01 $a907.2 
045F/03 $g4798 

lok: 39285015 78

exp: 39285015 78 1 #EPN
201B/01 $019-04-17 $t11:37:53.000 
201U/01 $0utf8 
203@/01 $0788960393 
208@/01 $a11-11-16 $be 
209A/01 $a/ $f000 $x00 
220C/01 $aTitelaufnehmer: pk 
220C/01 $aHerkunft: Baltische Bibliographie / P. Kaegbein 
244Z/01 $2Trx $#Estija $#Igaunija $#Estland $#Estonia $#Estonia $#Estónsko $#Estonsko $8--Trx--Eesti $x01 $9391237225 
244Z/01 $2Trx $#historiograafia, Eesti $#Estijos istoriografija $#historiography, Estonian $#történettudomány, észt $#historiografia estońska $#historiografia estónska $#historiografie estonská $8--Trx--Historiographie, estnische $x02 $9391374702 
244Z/01 $2Trx $8--Trx--Einzelbeiträge $x03 $9391384570 
245Z/01 $a01.04 $x01 
247C/01 $82080>Marburg/Lahn, Herder-Institut, Forschungsbibliothek, Bibliographieportal $9336309341
LEADER 00000caa a22000002c 4500
001 39285015X
003 DE-603
005 20210312190716.0
007 tu
008 161111s1995 xx |||| | u00||u|ger c
035 |a (DE-599)HEB39285015X 
040 |a DE-603  |b ger  |c DE-603  |d DE-603 
041 |a ger 
082 0 4 |8 1\u  |a 907.2094798  |q DE-101  |2 23/BSB 
085 |8 1\u  |b 907.2 
085 |8 1\u  |z 2  |s 4798 
100 1 |a Helme, Rein 
245 0 0 |a ˜Dieœ estnische Historiographie 
264 0 |c 1995 
773 0 8 |i In  |t Zwischen Konfrontation und Kompromiss  |d München : Oldenbourg, 1995  |h 263 S.  |z 3486560476  |g (1995), Seite 139-154  |w (DE-603)050523201 
924 0 |9 2080  |a (DE-603)788960393  |b DE-2080  |c HES  |d d  |g /